| 000 | 01019nam a2200277 a 4500 | ||
|---|---|---|---|
| 001 | BRL_251 | ||
| 005 | 20190320210644.0 | ||
| 008 | 160713s1997----u--o######---#000-0#eng-# | ||
| 020 | _a0891780750 | ||
| 041 | _aeng | ||
| 044 | _au | ||
| 050 | 4 |
_aE99.N3 _b.H43 1997 |
|
| 100 | 1 |
_aHedlund, Ann Lane _923357 |
|
| 245 | 1 | 0 |
_aNavajo Weavings _bfrom the Andy Williams Collection _cAnn Lane Hedlund ; with a personal introduction by Bill Pearson. |
| 260 |
_aSan Luis, Misuri _bSaint Louis Art Museum _cc1997 |
||
| 300 |
_a79 p. _bil. a color _c30 cm. |
||
| 500 | _aIncluye dedicatoria para Ruth Lechuga | ||
| 500 | _aCatálogo de la exposición realizada en The Saint Louis Art Museum (San Luis, Misuri), 26 octubre, 1997 - 4 enero, 1998 | ||
| 500 | _aAu297 | ||
| 504 | _aBibliografía : p. 79 | ||
| 600 | 1 | 4 |
_aWilliams, Andy _d1927-2012 _vExposiciones _xColecciones de arte _923358 |
| 650 | 1 | 4 |
_aFabricación de textiles navajo _vExposiciones _923359 |
| 700 | 1 |
_aPearson, Bill _923360 |
|
| 902 | _aGRL | ||
| 942 |
_2lcc _cB |
||
| 999 |
_c9064 _d9064 |
||